| 000 | 00823nam a2200265Ia 4500 | ||
|---|---|---|---|
| 003 | OSt | ||
| 005 | 20220928114901.0 | ||
| 006 | a|||||r|||| 00| 0 | ||
| 007 | ta | ||
| 008 | 220927b |||||||| |||| 00| 0 eng d | ||
| 020 | _c1597.8007 | ||
| 024 | _a113996 | ||
| 037 |
_b129, 01/11/2011, Pioneer Book Distributors _cTextual |
||
| 040 |
_aSDCL _cSDCL _beng |
||
| 041 |
_2eng _aeng |
||
| 082 | _aY:496, P9 | ||
| 100 |
_aLinke Uli Ed. _9441948 |
||
| 245 | 0 |
_aCultures of fear _b A critical reader. |
|
| 260 |
_aNew York _b Pluto Press _c2009 |
||
| 300 |
_ax,345p _ccm. |
||
| 650 | _aPolitical Science | ||
| 700 |
_a Smith Danielle Taana Ed. _9441949 |
||
| 942 |
_hY:496, P9 _cTEXL _2CC |
||
| 999 |
_c757299 _d757299 |
||